| 000 | 01053naa a22003017a 4500 | ||
|---|---|---|---|
| 001 | BR8503400 | ||
| 003 | BR-BrBNA | ||
| 005 | 20240918175616.0 | ||
| 007 | ta | ||
| 008 | 230509b bl.||||| |||| 00| 0 por d | ||
| 040 |
_aBR-BrBNA _bpor _cBiblioteca Nacional de Agricultura |
||
| 041 | _a(Pt) | ||
| 072 | _aE16; L01 | ||
| 090 | _aE16 BR8503400 | ||
| 100 | 1 | _aGomes, A.T. | |
| 100 | 1 | _aCastro, F.G. de | |
| 100 | 1 | _aAssis, A.G. de | |
| 111 | 1 |
_a10. Semana de Zootecnia _cPirassununga, SP (Brazil) _d9-13 Dec 1985 |
|
| 245 | 1 | _aAnalise tecnico-economica de sistemas de producao de leite | |
| 260 | 3 |
_aCampinas, SP (Brasil): _c1985. |
|
| 500 | _aTrabalhos apresentados na 10. Semana de Zootecnia Campinas, SP (Brasil): 1985. p. 109-127 (BR8503400-AM)E16 | ||
| 650 | _aPRODUCAO LEITEIRA | ||
| 650 | _aSISTEMA DE PRODUCAO | ||
| 650 | _aCUSTO DE PRODUCAO | ||
| 773 | 0 |
_tTrabalhos apresentados na 10. Semana de Zootecnia _wE16 BR8503400 _gCampinas, SP (Brasil), 1985. p. 109-127 |
|
| 909 |
_a202404 _bLucia _c55 _dLucia Elande |
||
| 942 |
_cAM _2AGRIS |
||
| 999 |
_c317441 _d317441 |
||